| 000 | 01013nam a2200325 i 4500 | ||
|---|---|---|---|
| 003 | DO-SdBNP | ||
| 005 | 20240718152004.0 | ||
| 007 | ta | ||
| 008 | 240718b1999 pr a|||| |||| 00| 0 spa d | ||
| 020 | _a0865815097 | ||
| 040 |
_aDO-SdBNP _bspa _cBNPHU _erda |
||
| 082 | 4 | _222 | |
| 100 |
_aMoscoso, Francisco, _d1949- _954601 _eautor |
||
| 245 | 1 |
_aAgricultura y sociedad en Puerto Rico, siglos 16 al 18 : _bun acercamiento desde la historia / _cFrancisco Moscoso |
|
| 264 |
_aPuerto Rico : _bInstituto de Cultura Puertorriqueña, _c1999. |
||
| 300 |
_a266 páginas : _bilustraciones ; _c23 cm. |
||
| 336 |
_2rdacontent _atexto _btxt |
||
| 337 |
_2rdamedia _asin mediación _bn |
||
| 338 |
_2rdacarrier _avolumen _bnc |
||
| 563 | _aTres obras encuadernadas juntas con paginación continua. | ||
| 590 | _aInventariado, 2024/BT | ||
| 650 | _9223 | ||
| 650 | _967 | ||
| 700 | _958301 | ||
| 740 | 0 | 2 | _aCañas y bueyes |
| 740 | 0 | 2 | _aOver |
| 740 | 0 | 2 | _aEl terrateniente |
| 910 | _aBtavárez | ||
| 942 |
_2ddc _cLBS1 |
||
| 999 |
_c57318 _d57318 |
||